Les plus grandes communes du Luxembourg - Statistiques

Statistiques générales
  • Ce quiz a été pris 11 fois
  • Le résultat moyen est 2 sur 10
Statistiques - réponses
Superficie Commune % Correct
51,46km² Luxembourg
100%
85,05km² Clervaux
27%
70,65km² Parc Hosingen
18%
113,36km² Wincrange
18%
55,38km² Junglinster
9%
49,74km² Mersch
9%
51,26km² Esch-sur-Sûre
0%
48,5km² Lac de la Haute-Sûre
0%
79,09km² Rambrouch
0%
57,07km² Rosport-Mompach
0%
Aucun quiz correspondant
Distribution des résultats
% des personnes avec chaque résultat
Percentile par nombre de réponses
Votre historique - résultats
Vous n’avez pas pris ce quiz